|
|
|
|
| LEADER |
00000nam0a2200000 4500 |
| 001 |
53115 |
| 005 |
20231031044518.0 |
| 035 |
|
|
|a (RuTPU)RU\TPU\book\55698
|
| 035 |
|
|
|a RU\TPU\book\36272
|
| 090 |
|
|
|a 53115
|
| 100 |
|
|
|a 20030613d1975 m y0rusy50 ca
|
| 101 |
0 |
|
|a rus
|
| 102 |
|
|
|a RU
|
| 105 |
|
|
|a a j 001zy
|
| 200 |
1 |
|
|a Тепловые и атомные электростанции
|e учебник
|f Л. С. Стерман, А. Т. Шарков, С. А. Тевлин
|g Под ред. Л. С. Стермана
|
| 210 |
|
|
|a Москва
|c Атомиздат
|d 1975
|
| 215 |
|
|
|a 496 с.
|c ил.
|
| 320 |
|
|
|a Библиография: с. 487-489
|
| 320 |
|
|
|a Алфавитно-предметный указатель: с. 490-492
|
| 451 |
|
1 |
|0 (RuTPU)RU\TPU\book\36272
|t Тепловые и атомные электростанции
|o учебное пособие
|f Л. С. Стерман, С. А. Тевлин, А. Т. Шарков
|e 2-е изд., перераб. и доп.
|c М.
|n Энергоиздат
|d 1982
|p 456 с.
|a Стерман, Лев Самойлович
|
| 610 |
1 |
|
|a тепловые электрические станции
|
| 610 |
1 |
|
|a атомные электрические станции
|
| 610 |
1 |
|
|a теория
|
| 610 |
1 |
|
|a эксплуатация
|
| 610 |
1 |
|
|a экономичность
|
| 610 |
1 |
|
|a учебные пособия
|
| 675 |
|
|
|a 621.311.22(075.8)
|v 3
|
| 675 |
|
|
|a 621.311.25(075.8)
|v 3
|
| 700 |
|
1 |
|a Стерман
|b Л. С.
|g Лев Самойлович
|
| 701 |
|
1 |
|a Шарков
|b А. Т.
|g Александр Тимофеевич
|
| 701 |
|
1 |
|a Тевлин
|b С. А.
|g Семен Абрамович
|
| 702 |
|
1 |
|a Стерман
|b Л. С.
|g Лев Самойлович
|4 340
|
| 801 |
|
0 |
|a RU
|b 63413507
|c 20011210
|g PSBO
|
| 801 |
|
2 |
|a RU
|b 63413507
|c 20201111
|g PSBO
|
| 900 |
|
|
|a Атомные электростанции
|
| 900 |
|
|
|a Малоотходные и ресурсосберегающие технологии
|
| 900 |
|
|
|a Атомные и тепловые электростанции
|
| 900 |
|
|
|a Тепловые и атомные электростанции
|
| 942 |
|
|
|c BK
|